000 00292nam a22001097a 4500
008 140526t xxu||||| |||| 00| 0 eng d
020 _a81-904309-7-1
100 _aR.K Behl
_9883
245 _aResource Management towards sustainable Agriculture and development
300 _a358
942 _2ddc
_cBK
999 _c17123
_d17123